000 00895nam a2200277Ia 4500
003 OSt
005 20221005062427.0
006 a|||||r|||| 00| 0
007 ta
008 221004b |||||||| |||| 00| 0 eng d
020 _a9781786608833 (pbk)
_cUKP 29.95
024 _a64677
037 _b14188, 19/12/2019, Elite Publishers Distributors
_cTextual
040 _aCRL
_cCRL
_beng
041 _2eng
_aeng
082 _aR2, Q9
100 _aMichel Johann Au.
_9601820
245 0 _aHomo interpretans
_b towards a transformation of hermeneutics
260 _aLondon
_bRowman & Littlefield UK
_c2019
300 _axxi,291p.
_ccm.
650 _a THEORY OF KNOWLEDGE
650 _aPHILOSOPHY
700 _a Pellauer David Tr.
942 _hR2, Q9
_cTEXL
_2cc
999 _c969691
_d969691